Actualización del programa para el cálculo de parámetros eléctricos y capacidades de líneas de transmisión

Збережено в:
Бібліографічні деталі
Автор: Castro Gómez, Gustavo
Формат: Книга
Опубліковано: [San José, Costa Rica] 2010
Предмети:
Теги: Додати тег
Немає тегів, Будьте першим, хто поставить тег для цього запису!

MARC

LEADER 00000nam a2200000Ia 4500
003 010087
005 20221231144033.0
008 140114s2010 cr a 000 ||s d
040 |c cru CEDI  
090 |a TFG 6257 
100 |a Castro Gómez, Gustavo  |9 1354 
245 |a Actualización del programa para el cálculo de parámetros eléctricos y capacidades de líneas de transmisión  
260 |c 2010  |b [San José, Costa Rica] 
500 |a Proyecto de graduación (bachillerato en ingeniería eléctrica)--Universidad de Costa Rica. Facultad de Ingeniería. Escuela de Ingeniería Eléctrica, 2010 "IE - 0502 Proyecto Eléctrico"--Título del material acompañante:"Programa LTTPV2.0 2007-2010 : manual del programa" 
650 |x LINEAS ELECTRICAS  |x  REDES ELECTRICAS   |x  DISTRIBUCION DE ENERGIA ELECTRICA  |x DISPOSITIVOS DE DISTRIBUCION   |x  SISTEMAS DE ENERGIA ELECTRICA   |9 2832 
942 |c TFG 
999 |c 15947  |d 15947